00756nam a2200181Ia 4500008004100000100001800041245016700059245009300226260003900319260000900358300003300367440004300400650003600443650002700479650002000506650001400526856003400540190511s9999 xx 000 0 und d aHepp, Johanna aInterpersonal stressors, and negative affect in individuals with borderline personality disorder and community adults in daily life: A replication and extension / cJohanna Hepp, Sean P. Lane, Andrea M. Wycoff, Ryan W. Carpenter, and Timothy J. Trull.-- bAmerican Psychological Association c2018 aPages 183-189, February 2018 aJournal of Abnormal Psychologyv127(2) aBorderline personality disorder aInterpersonal problems aNegative affect aRejection uwww.apa.org/pubs/journals/abn